000 00289nam a22001337a 4500
008 170310b xxu||||| |||| 00| 0 eng d
020 _a9781599841427
041 _aeng
080 _a611
100 _a6
101 _aSHM
245 _aANATOMY & PHYSIOLOGY
_cWINGERD, B.D
942 _2udc
_cBK
999 _c7397
_d7397